| 000 | 01143nam0a22002891 4500 | ||
|---|---|---|---|
| 001 | rc\4712599 | ||
| 005 | 20250612161425.0 | ||
| 021 |
_aRU _b[64-67724] |
||
| 035 | _a(NLR Aleph) 008724889 | ||
| 090 |
_a9440854 _c9440854 |
||
| 100 | _a20130416d1964 |||y0rusy50 ca | ||
| 101 | 0 | _arus | |
| 102 | _aRU | ||
| 105 | _aa z ||||| | ||
| 200 | 1 |
_aОткрытая разработка нерудных месторождений _e[Учеб. пособие для горных техникумов] |
|
| 210 |
_aМосква _cНедра _d1964 |
||
| 215 |
_a272 с. _cил. _d22 |
||
| 320 | _aБиблиогр.: с. 268-269 (37 назв.) | ||
| 606 |
_aГорные работы открытые _jУчебники и пособия _2psbo |
||
| 606 |
_aНеметаллические ископаемые _xСистемы разработки _jУчебники и пособия _2psbo |
||
| 700 | 1 |
_aНовак _bЕ.А. _gЕвгений Андреевич |
|
| 701 | 1 |
_aРезниченко _bС.С. _gСемен Саулович |
|
| 801 | 0 |
_aRU _bNLR _gpsbo |
|
| 801 | 1 |
_aRU _bELAR _2rusmarc |
|
| 852 |
_aNLR _j64-5/4340 |
||
| 942 | _cBOOK | ||
| 980 | _aNB | ||